000 01535nam a2200349 a 4500
999 _c475498
_d475498
003 BLK
005 20241017105413.0
008 180413b bul|||||r ||||||| ||bul||
020 _a9789545534287
040 _aBLK
041 _aBUL
_cBUL
080 _aБългарска литература
_b821.163.2
_x.09(092)
_z821.163.2.09(092)
080 _aБългарски поет
_b929 Дебелянов, Димчо Вельов
_z929 Дебелянов, Димчо Вельов
100 _aЛазаров, Лазар
_eпърви автор
_9481604
139 _aЛазаров, Лазар
_bД 31
245 1 0 _aЧасовникът на господин подпоручика още върви.
_bИсторията на Димчо Дебелянов, разказана от негови съвременници и писма
_cЛазар Лазаров
257 _aBGR
260 _bПарадокс
_c2022
_9209722
_aСофия
_n978-954-553-
300 _a98 с.
_c21 см
380 _a82
600 0 _aДебелянов, Димчо Вельов
_9363389
650 4 _aПоети, български - литературна критика
_9266140
650 4 _aПоезия, българска
_9243326
653 _aбългарски поети
653 _aлитературна критика
653 _aДимчо Дебелянов
852 _aЦб 316378
_bЦб
856 4 _qpdf
_u
_i0.00
_ldisable
856 4 _qpdf
_u
_i0.00
_ldisable
942 _cKNG
_n0
_s1
944 _aED
_k30550
_lКети Илиева